|
|
|
|
| LEADER |
00000nam0a2200000 4500 |
| 001 |
32145 |
| 005 |
20231030204746.0 |
| 010 |
|
|
|a 5247024885
|
| 035 |
|
|
|a (RuTPU)RU\TPU\book\32441
|
| 035 |
|
|
|a BOOK00000520
|
| 090 |
|
|
|a 32145
|
| 100 |
|
|
|a 20011210d1993 u y0rusy50 ca
|
| 101 |
0 |
|
|a rus
|
| 102 |
|
|
|a RU
|
| 105 |
|
|
|a a 001|y
|
| 200 |
1 |
|
|a Добыча нефти штанговыми насосами
|f А. К. Мухаметзянов, И. Н. Чернышов, А. И. Липерт, С. Б. Ишемгужин
|
| 210 |
|
|
|a Москва
|c Недра
|d 1993
|
| 215 |
|
|
|a 352 с.
|c ил.
|
| 320 |
|
|
|a Библиогр.: с. 348-350.
|
| 610 |
1 |
|
|a горное дело
|
| 610 |
1 |
|
|a нефтяные скважины
|
| 610 |
1 |
|
|a нефтяные насосы
|
| 610 |
1 |
|
|a эксплуатация
|
| 610 |
1 |
|
|a насосные штанги
|
| 675 |
|
|
|a 622.276.5
|v 3
|
| 701 |
|
1 |
|a Мухаметзянов
|b А. К
|
| 701 |
|
1 |
|a Чернышов
|b И. Н
|
| 701 |
|
1 |
|a Липерт
|b А. И
|
| 701 |
|
1 |
|a Ишемгужин
|b С. Б
|
| 801 |
|
0 |
|a RU
|b 63413507
|c 20011210
|g PSBO
|
| 801 |
|
2 |
|a RU
|b 63413507
|c 20170112
|g RCR
|
| 942 |
|
|
|c BK
|